| 000 | 00753cam a2200265 4500 | ||
|---|---|---|---|
| 008 | 090401t1990 xxu||||| |||| 00| 0 eng d | ||
| 020 | _a0883290812 | ||
| 035 | _a(Sirsi) u40616 | ||
| 041 | _aeng | ||
| 050 | _a333.3320973 | ||
| 110 |
_aInternational Association of Assessing Officers _92591 |
||
| 245 | _aProperty appraisal and assessment administration. | ||
| 260 |
_aChicago _bInternational Association of Assessing O _c1990 |
||
| 300 | _axxxii,716p. ; 24cm. | ||
| 350 | _a0 | ||
| 650 | _aAD VALOREM TAX SYSTEM | ||
| 650 | _aCANADA | ||
| 650 | _aPROPERTY TAX | ||
| 650 | _aUNITED STATES | ||
| 650 |
_aValuation _96273 |
||
| 690 | _aRATING AND VALUATION | ||
| 700 |
_aEckert, Jospeph K. _xEditor |
||
| 942 | _n0 | ||
| 948 | _c04/03/1997 | ||
| 999 |
_c90876 _d90876 |
||